000 00700nam a2200229Ia 4500
003 GCL
008 140319s9999 xx 000 0 ara d
040 _aGCL /
_cGCL
082 0 4 _a616.857
_bج م
100 1 _aمركز التعريب والبرمجة
245 1 0 _aمشاكل الصداع والشقيقة /
_cمركز التعريب والبرمجة
700 1 _aجون ويس
260 _aبيروت :
_bالدار العربية للعلوم ،
_c1992
300 _a167 ص ؛
_c24 سم
490 _aالسلسلة الصحية
_v0
650 0 4 _aالطب
650 0 4 _aالامراض
650 0 4 _aالعلاج
650 0 4 _aالصداع
650 0 4 _aالراس
942 _2ddc
_cBK
999 _c58524
_d58524